| 000 -ლიდერი |
| ფიქსირებული სიგრძის საკონტროლო ველი |
01231nam a22002297a 4500 |
| 003 - საკონტროლო ნომრის იდენტიფიკატორი |
| საკონტროლო ველი |
Ge_BSU |
| 005 - ბოლო ოპერაციის თარიღი და დრო |
| საკონტროლო ველი |
20240606110051.0 |
| 008 - ფიქსირებული სიგრძის მონაცემთა ელემენტები - ზოგადი ინფორმაცია |
| ფიქსირებული სიგრძის საკონტროლო ველი |
240606s2008 ge ||||| |||| 00| 0 geo d |
| 020 ## - წიგნის საერთაშორისო სტანდარტული ნომერი |
| International Standard Book Number |
9994046772 |
| 041 ## - ენის კოდი |
| Language code of text/sound track or separate title |
geo |
| 080 ## - უნივერსალური ათობითი კლასიფიკაციის ინდექსი |
| Universal Decimal Classification number |
657.2(075.8) ბ-98 |
| 245 ## - ცნობა სათაურის შესახებ |
| Title |
ბუღალტრული აღრიცხვა : |
| Remainder of title |
თეორია, ფინანსური აღრიცხვა, ბუღალტრული აღრიცხვის საერთაშორისო სტანდარტებით / |
| Statement of responsibility, etc |
ა. ხორავა, ნ. კვატაშიძე, ნ. სრესელი, ზ. გოგრიჭიანი. |
| 250 ## - გამოცემის ცნობა |
| Edition statement |
მეოთხე გამოცემა |
| 264 ## - წარმოების, გამოცემის, დისტრიბუციის და სხვა ცნობები |
| გამოცემის, წარმოების, დისტრიბუციის... ადგილი |
თბილისი : |
| გამოცემის, წარმოების, დისტრიბუციის... სახელწოდება |
მერიდიანი, |
| გამოცემის, წარმოების, დისტრიბუციის... თარიღი |
2008. |
| 300 ## - ფიზიკური აღწერა |
| Extent |
638 გვ.; |
| Other physical details |
30 სმ. |
| 653 ## - INDEX TERM--UNCONTROLLED |
| Uncontrolled term |
ბუღალტრული აღრიცხვა |
| 700 ## - ADDED ENTRY--PERSONAL NAME |
| Personal name |
ხორავა, ა. |
| Relator term |
ავტორი |
| 9 (RLIN) |
14157 |
| 700 ## - ADDED ENTRY--PERSONAL NAME |
| Personal name |
კვატაშიძე, ნ. |
| Relator term |
ავტორი |
| 9 (RLIN) |
14156 |
| 700 ## - ADDED ENTRY--PERSONAL NAME |
| Personal name |
სრესელი, ნ. |
| Relator term |
ავტორი |
| 9 (RLIN) |
20462 |
| 700 ## - ADDED ENTRY--PERSONAL NAME |
| Personal name |
გოგრიჭიანი, ზ. |
| Relator term |
ავტორი |
| 9 (RLIN) |
21040 |
| 942 ## - ADDED ENTRY ELEMENTS (KOHA) |
| Source of classification or shelving scheme |
|
| Koha item type |
წიგნი |